• 首页
  • 本馆介绍
  • 公告通知
  • 最新文献
  • 馆藏检索
  • 电子资源
  • 读者导购
  • 参考咨询
  • 我的图书馆
  • 登录
  • 详细信息显示
  • 放入我的书架
  • 预约/预借图书
  • 作者相关作品
  • 分类相关作品
  • 丛书相关作品
  • 出版社相关作品

书目信息

  • 表格格式
  • 工作单格式
  • 卡片格式
题名:
德育原理与实践
    
 
作者: 高凯 , 孟琳 , 王燕 主编
分册:  
出版信息: 哈尔滨   东北林业大学出版社  2022.09
页数: 218页
开本: 26cm
丛书名:
单 册:
中图分类: G41
科图分类:
主题词: 德育--研究
电子资源:
ISBN: 978-7-5674-2579-8
000 00818nam0 2200253 450
001 012001001266
005 20140201132548.0
010    @a978-7-5674-2579-8@dCNY79.00
100    @a20220905d2021 em y0chiy50 ea
101 0  @achi
102    @aCN@b230000
105    @ay z 000yy
106    @ar
200 1  @a德育原理与实践@Ade yu yuan li yu shi jian@f高凯,孟琳,王燕主编
210    @a哈尔滨@c东北林业大学出版社@d2022.09
215    @a218页@d26cm
330    @a本书分为理论篇和实践篇,包括德育原理概述、德育本质论、德育功能论、德育方法论、德育目标论、高校德育环境建设、高校德育的实践体系等内容。
606 0  @a德育@x研究
690    @aG41@v5
701  0 @a高凯@Agao kai@4主编
701  0 @a孟琳@Ameng lin@4主编
701  0 @a王燕@Awang yan@4主编
801  0 @aCN@bAHXH@c20221111
905    @b1366002-6@dG41@e107@f5
    
    德育原理与实践/高凯,孟琳,王燕主编.-哈尔滨:东北林业大学出版社,2022.09
    218页;26cm
    
    
    ISBN 978-7-5674-2579-8:CNY79.00
    本书分为理论篇和实践篇,包括德育原理概述、德育本质论、德育功能论、德育方法论、德育目标论、高校德育环境建设、高校德育的实践体系等内容。
●
相关链接 在E读中查询图书 在五车中查询图书 在当当中查询图书 在豆瓣中查询图书


正题名:德育原理与实践     索取号:G41/107         预约/预借

序号 登录号 条形码 馆藏地/架位号 状态 备注
1 1366002   213660028   第一样本阅览室/ [索取号:G41/107] 在馆    
2 1366003   213660037   教育系资料室/ [索取号:G41/107] 在馆    
3 1366004   213660046   教育系资料室/ [索取号:G41/107] 在馆    
4 1366005   213660055   第四借阅区/ [索取号:G41/107] 在馆    
5 1366006   213660064   第四借阅区/ [索取号:G41/107] 在馆    
唐山师范学院图书馆 欢迎您!
大连网信软件有限公司© 版权所有